[Event "Liga Insular Gran Canaria 1b Descenso"]
[Site "Las Palmas"]
[Date "2019.05.25"]
[Round "1.4"]
[White "Salazar Martin, Jose Maria"]
[Black "Rivero Tacoronte, Aday Jesus"]
[Result "1-0"]
[WhiteElo "1498"]
[BlackElo "1101"]
[PlyCount "73"]
[EventDate "2019.05.25"]
[EventType "team-tourn"]
[EventRounds "3"]
[EventCountry "ESP"]
[SourceTitle "EXT 2021"]
[Source "ChessBase"]
[SourceDate "2020.10.23"]
[SourceVersion "1"]
[SourceVersionDate "2020.10.23"]
[SourceQuality "1"]
[WhiteTeam "Mogan II"]
[BlackTeam "Sociedad La Montana III"]
[WhiteTeamCountry "ESP"]
[BlackTeamCountry "ESP"]

1. f4 d5 2. Nf3 c5 3. c3 Nf6 4. g3 Nc6 5. Bg2 Bf5 6. 0-0 g6 7. d3 Bg7 8. e3 0-0 9. d4 Qb6 10. Ne5 Rfd8 11. Nd2 Nxe5 12. fxe5 Ne4 13. Nxe4 dxe4 14. Qc2 cxd4 15. cxd4 Rac8 16. Qb3 Qxb3 17. axb3 a6 18. Bd2 Rc2 19. Bc3 Re2 20. Rfe1 Rxe1+ 21. Rxe1 Be6 22. Bxe4 b6 23. b4 Bd5 24. Bd3 b5 25. Ra1 Bb7 26. Bf1 Bc8 27. Be2 Bb7 28. g4 Rd7 29. h4 f6 30. exf6 Bxf6 31. g5 Bg7 32. Bg4 Rd8 33. Be6+ Kf8 34. Rd1 Bd5 35. Bxd5 Rxd5 36. e4 Rd8 37. Kf2 1-0

[Event "Liga Insular Gran Canaria 1b"]
[Site "Las Palmas"]
[Date "2019.03.23"]
[Round "4.2"]
[White "Falcon Alvarado, Miguel Angel"]
[Black "Salazar Martin, Jose Maria"]
[Result "0-1"]
[WhiteElo "1596"]
[BlackElo "1498"]
[PlyCount "28"]
[EventDate "2019.03.02"]
[EventType "team-tourn"]
[EventRounds "7"]
[EventCountry "ESP"]
[SourceTitle "EXT 2021"]
[Source "ChessBase"]
[SourceDate "2020.10.23"]
[SourceVersion "1"]
[SourceVersionDate "2020.10.23"]
[SourceQuality "1"]
[WhiteTeam "Anand II"]
[BlackTeam "Mogan II"]
[WhiteTeamCountry "ESP"]
[BlackTeamCountry "ESP"]

1. e4 e5 2. Nf3 Nc6 3. Bc4 Nd4 4. c3 Nxf3+ 5. Qxf3 Qf6 6. Qg3 Bc5 7. d3 d6 8. Be3 Bb6 9. Nd2 Be6 10. 0-0-0 Ne7 11. a4 Ng6 12. Bxe6 fxe6 13. Nc4 Nf4 14. d4 Ne2+ 0-1

[Event "Las Palmas Insular-chT Segunda 1718"]
[Site "Las Palmas"]
[Date "2018.03.10"]
[Round "9.3"]
[White "Suarez Rodriguez, Doramas"]
[Black "Salazar Martin, Jose Maria"]
[Result "1/2-1/2"]
[WhiteElo "1645"]
[BlackElo "1468"]
[PlyCount "40"]
[EventDate "2017.10.28"]
[EventType "team-swiss"]
[EventRounds "9"]
[EventCountry "ESP"]
[SourceTitle "EXT 2021"]
[Source "ChessBase"]
[SourceDate "2020.10.23"]
[SourceVersion "1"]
[SourceVersionDate "2020.10.23"]
[SourceQuality "1"]
[WhiteTeam "La Aldea"]
[BlackTeam "Mogan II"]
[WhiteTeamCountry "ESP"]
[BlackTeamCountry "ESP"]

1. d4 d5 2. c4 c6 3. Nc3 f5 4. e3 Nf6 5. Nf3 e6 6. cxd5 exd5 7. Bd3 Bb4 8. Qc2 Ne4 9. 0-0 0-0 10. Qb3 Bxc3 11. bxc3 Kh8 12. Ne5 Nd7 13. Nxd7 Qxd7 14. f3 Nd6 15. Ba3 Rf6 16. e4 fxe4 17. fxe4 Nxe4 18. Bxe4 dxe4 19. Rae1 Qd5 20. Qb4 c5 1/2-1/2

[Event "Las Palmas Insular-chT Segunda-A 1617"]
[Site "Las Palmas"]
[Date "2017.02.18"]
[Round "11.3"]
[White "Salazar Martin, Jose Maria"]
[Black "Roca Marrero, Fernando"]
[Result "1-0"]
[WhiteElo "1470"]
[BlackElo "1456"]
[PlyCount "117"]
[EventDate "2016.10.22"]
[EventType "team-tourn"]
[EventRounds "14"]
[EventCountry "ESP"]
[SourceTitle "EXT 2018"]
[Source "ChessBase"]
[SourceDate "2017.10.13"]
[SourceVersion "1"]
[SourceVersionDate "2017.10.13"]
[SourceQuality "1"]
[WhiteTeam "Mogan II"]
[BlackTeam "San Mateo Servitel"]
[WhiteTeamCountry "ESP"]
[BlackTeamCountry "ESP"]

1. f4 d6 2. Nf3 g6 3. g3 Bg7 4. Bg2 c6 5. c3 Nf6 6. d4 Bf5 7. 0-0 Qd7 8. Nbd2 0-0 9. Ng5 h6 10. e4 Bg4 11. Ngf3 d5 12. Qe1 dxe4 13. Ne5 Qe6 14. Nxg4 Nxg4 15. Nxe4 f5 16. Nc5 Qxe1 17. Rxe1 Rf7 18. Nxb7 a5 19. Nd8 Rf8 20. Nxc6 Nxc6 21. Bxc6 Ra7 22. b3 Rc8 23. Re6 Nf6 24. Bb2 Kf7 25. Rae1 Bf8 26. c4 Rac7 27. d5 Ne4 28. Be5 Ra7 29. Bd4 Rac7 30. Bb6 Bg7 31. Bxc7 Rxc7 32. R1xe4 fxe4 33. Rxe4 Bc3 34. Kg2 Bb4 35. g4 Rc8 36. Kf3 Rf8 37. h4 Kg7 38. Re6 Bd6 39. Re4 Kh7 40. Bd7 Kg7 41. h5 g5 42. f5 Kf6 43. Re6+ Kg7 44. Re2 Rf6 45. Be6 Rf8 46. Ke4 Rb8 47. Kd4 Kf6 48. Bd7 Kg7 49. Bb5 Rc8 50. Re6 Rf8 51. a4 Rf6 52. c5 Rxe6 53. fxe6 Bc7 54. d6 Bd8 55. c6 exd6 56. e7 Bb6+ 57. Kd5 Kf7 58. Kxd6 Be3 59. Kd7 1-0

[Event "ESP-ch 77th"]
[Site "San Agustin"]
[Date "2012.10.07"]
[Round "9"]
[White "Garceran Izquierdo, Ruben"]
[Black "Salazar Martin, Jose Maria"]
[Result "1-0"]
[WhiteElo "1719"]
[BlackElo "1855"]
[PlyCount "93"]
[EventDate "2012.09.29"]
[EventType "swiss"]
[EventRounds "9"]
[EventCountry "ESP"]
[SourceTitle "EXT 2014"]
[Source "ChessBase"]
[SourceDate "2013.11.20"]
[SourceVersion "1"]
[SourceVersionDate "2013.11.20"]
[SourceQuality "1"]

1. c4 f5 2. Nc3 Nf6 3. Nf3 e6 4. d3 Bb4 5. Qb3 c5 6. Bd2 Bxc3 7. bxc3 Nc6 8. e3 0-0 9. Be2 Qb6 10. Qxb6 axb6 11. 0-0 h6 12. Rfb1 Ra6 13. d4 Ne4 14. d5 Nxd2 15. Nxd2 Ne5 16. Nf3 d6 17. Nxe5 dxe5 18. Rb2 Rd8 19. Rab1 Ra3 20. Rc2 Rd6 21. Rcb2 exd5 22. Rxb6 Rxb6 23. Rxb6 Rxa2 24. Bf1 Ra6 25. Rb5 Kf8 26. cxd5 Ke7 27. Rxc5 Ra8 28. Rb5 Ra1 29. Rb6 Rc1 30. c4 f4 31. e4 f3 32. Rb3 g5 33. Rxf3 h5 34. Rb3 g4 35. g3 Re1 36. Re3 Rc1 37. Kg2 Kd6 38. Ra3 b6 39. Ra8 Bd7 40. Rh8 Ba4 41. Rxh5 Bd1 42. f4 Rc2+ 43. Kg1 Bf3 44. fxe5+ Kc5 45. e6 Rc1 46. e7 Be2 47. Rf5 1-0

[Event "Gran Canaria Santana Memorial 1st"]
[Site "Gran Canaria"]
[Date "2012.02.15"]
[Round "3"]
[White "Salazar Martin, Jose Maria"]
[Black "Ruiz Macias, Anabel"]
[Result "1-0"]
[WhiteElo "1860"]
[BlackElo "1444"]
[PlyCount "45"]
[EventDate "2012.02.13"]
[EventType "swiss"]
[EventRounds "7"]
[EventCountry "ESP"]
[SourceTitle "CBM 146 Extra"]
[Source "ChessBase"]
[SourceDate "2012.02.29"]
[SourceVersion "1"]
[SourceVersionDate "2012.02.29"]
[SourceQuality "1"]

1. d4 Nf6 2. Bg5 g6 3. Bxf6 exf6 4. f4 d5 5. c3 Bf5 6. Nf3 Qd6 7. e3 Nc6 8. Bb5 0-0-0 9. 0-0 Bh6 10. Nbd2 a6 11. a4 g5 12. fxg5 fxg5 13. Bxc6 Qxc6 14. Ne5 Qe6 15. Qh5 Rdf8 16. Rxf5 Qxf5 17. Qxh6 Qc2 18. Qh3+ f5 19. e4 Qxd2 20. exf5 Kd8 21. f6 g4 22. Qxg4 Qe3+ 23. Kh1 1-0

[Event "Gran Canaria-ch Seniors"]
[Site "Las Palmas"]
[Date "2011.07.06"]
[Round "3.3"]
[White "Garcia Caballero, Luis"]
[Black "Salazar Martin, Jose Maria"]
[Result "1-0"]
[WhiteElo "2121"]
[BlackElo "1880"]
[PlyCount "61"]
[EventDate "2011.06.28"]
[EventType "swiss"]
[EventRounds "5"]
[EventCountry "ESP"]
[SourceTitle "EXT 2024"]
[Source "ChessBase"]
[SourceDate "2023.10.10"]
[SourceVersion "1"]
[SourceVersionDate "2023.10.10"]
[SourceQuality "1"]

1. e4 e5 2. Nf3 Nf6 3. Nxe5 d6 4. Nf3 Nxe4 5. d4 Bg4 6. Bd3 d5 7. 0-0 Bd6 8. c4 c6 9. h3 Bh5 10. Re1 f5 11. Qb3 0-0 12. cxd5 c5 13. Bxe4 fxe4 14. Ng5 c4 15. Qxc4 Qf6 16. Nxe4 Qg6 17. Nbc3 Bf3 18. Qf1 Bf4 19. Bxf4 Rxf4 20. Ng3 Bh5 21. Re6 Rf6 22. Qb5 Na6 23. Rxf6 Qxf6 24. Nxh5 Qxd4 25. Rd1 Qe5 26. d6 Nc5 27. Qc4+ Kf8 28. Nf4 Rd8 29. Qxc5 Qxc5 30. Ne6+ Ke8 31. Nxc5 1-0